00410nam a2200145Ia 450000500170000000800410001702000230005804000140008104100060009508200130010110000240011424500420013826000420018030000420022220240723104539.0220630s9999 xx 000 0 und d a9781415017395qpbk aRDAc3228 2A aAKF CHAN aCHANCELLOR, DEBORAH 0aKom ons kyk na.. gesonde eetgewoontes aParklands:bJacklin Uitgewers;c2012. a23 PagesbColour illustrationsc21 cm